Ganadores del Balón de Oro por equipo - Estadísticas

Estadísticas generales
  • Esta prueba ha sido intentada 100 veces
  • La puntuación promedio es 12 de 22
Estadísticas de respuestas
Club Jugador % Correcto
Real Madrid 8 Alfredo Di Stéfano | Raymond Kopa | Luís Figo | Ronaldo | Fabio Cannavaro | Cristiano Ronaldo | Luka Modrić | Karim Benzema
100%
Barcelona 6 Luis Suárez | Johan Cruyff | Hristo Stoichkov | Rivaldo | Ronaldinho | Lionel Messi
100%
Milan 6 Gianni Rivera | Ruud Gullit | Marco van Basten | George Weah | Andriy Shevchenko | Kaká
88%
Juventus 6 Omar Sívori | Paolo Rossi | Michel Platini | Roberto Baggio | Zinedine Zidane | Pavel Nedved
87%
Manchester United 4 Denis Law | Bobby Charlton | George Best | Cristiano Ronaldo
86%
Bayern Múnich 3 Gerd Muller | Franz Beckenbauer | Karl-Heinz Rummenigge
81%
Ajax 1 Johan Cruyff
80%
Benfica 1 Eusébio
74%
Manchester City 1 Rodri
71%
Inter Miami 1 Lionel Messi
67%
Inter de Milán 2 Lothar Matthäus | Ronaldo
54%
Dinamo Moscú 1 Lev Yashin
52%
Paris Saint-Germain 1 Lionel Messi
47%
Liverpool 1 Michael Owen
41%
Olympique de Marsella 1 Jean-Pierre Papin
36%
Borussia Dortmund 1 Matthias Sammer
36%
Dinamo Kiev 2 Oleg Blokhin | Igor Belánov
29%
Blackpool 1 Stanley Matthews
24%
Borussia Mönchengladbach 1 Allan Simonsen
19%
Hamburgo 1 Kevin Keegan
19%
Dukla Praga 1 Josef Masopust
14%
Ferencváros 1 Flórián Albert
13%
No se encontraron pruebas coincidentes
Distribución de puntuación
Porcentaje de gente con cada puntuación
Porcentaje por número respondido
Historial de tus puntuaciones
No has intentado esta prueba.